000 01235nam a2200265 i 4500
001 163715
003 ES-MaACL
005 20251012063056.0
008 991209s1860 sp |||| | spa d
080 _a53
100 1 _aRodríguez, Eduardo,
_d1815-1881
_9175901
245 1 0 _aDiscursos leídos ante la Real Academia de Ciencias en la recepción pública de don Eduardo Rodríguez.
260 _aMadrid :
_b[s.n.],
_c1860 (
_fImp. y lib. de Eusebio Aguado)
300 _a47 p. ;
_c25 cm.
530 _aDisponible en formato digial.
594 _aTema de los discursos: Adelantamiento de las ciencias físicas en el concepto de sus múltiples y variadas aplicaciones.
594 _aIncluye (p. [37]-47) discurso de contestación del Marqués del Socorro
650 7 _aFísica
_2embne
_912877
700 1 _aSolano de la Matalinares, José,
_cMarqués del Socorro,
_d1802-1882
_9132793
710 2 _aReal Academia de Ciencias Exactas, Físicas y Naturales de España.
_9175635
852 4 _aES-MaACL
_jT-63-F-1
_z- Enc. hol.
_z- Enc. en un vol. facticio
852 4 _aES-MaACL
_jT-54-F-6
856 4 _uhttp://bdh-rd.bne.es/viewer.vm?id=0000090076&page=1
_zBiblioteca Digital Hispánica
999 _c163715
_d163715